000 01015cam a2200325 a 4500
001 1636213
003 OSt
005 20140310184335.0
008 961108s1997 nyua b 000 1 eng
010 _a 96037544
020 _a0590846272
040 _aDLC
_cDLC
_dDLC
042 _alcac
050 0 0 _aPZ 7
_b.P63123 1997
100 1 _aPilkey, Dav,
_d1966-
_924050
245 1 4 _aThe adventures of Captain Underpants /
_cDav Pilkey.
260 _aNew York :
_bBlue Sky Press,
_c1997.
300 _a117 p. :
_bill. ;
_c22 cm.
521 _aG5
526 _c720
650 1 _aSchool principals
_xFiction.
_924051
650 1 _aHeroes
_xFiction.
_924052
650 1 _aCartoons and comics
_xFiction.
_924053
650 1 _aHumorous stories.
_93831
906 _a7
_bcbc
_corignew
_d1
_eocip
_f19
_gy-gencatlg
942 _2lcc
_cBK-SCHOLAS
999 _c33714
_d33714